000 003700000a22001210004500
090 _aAs
_bSeriadas
245 1 0 _aCangrejos arañas (Decapoda: Brachyura: Majoidea) del Caribe colombiano
041 0 _aEspañol
700 1 _aCampos, Néstor Hernando
_935666
100 1 _aCruz Castaño, Norella
_999920
942 _cARTICULO
773 1 _tBiota Colombiana
_h2
_q261-269
_d2003
_g4
999 _c15671
_d15671